MARC

LEADER 00000nam0a2200000 4500
001 316741
005 20231102002914.0
035 |a (RuTPU)RU\TPU\book\342209 
090 |a 316741 
100 |a 20160328d1935 km y0rusy50 ca 
101 0 |a rus 
102 |a RU 
105 |a a z 000zy 
200 1 |a Кулундинские соляные озера и пути их освоения  |f А. В. Николаев 
210 |a Новосибирск  |c Западно-сибирское краевое издательство  |d 1935 
215 |a 175 с.  |c ил. 
606 1 |a Соляные озера  |2 stltpush  |3 (RuTPU)RU\TPU\subj\55539  |9 73556 
610 1 |a Западная Сибирь 
610 1 |a Алтайский край 
610 1 |a Кулундинская равнина 
610 1 |a Кулундинские озера 
610 1 |a происхождение 
610 1 |a мирабилит 
610 1 |a годовой режим 
610 1 |a переработка 
610 1 |a бром 
610 1 |a поваренная соль 
610 1 |a сода 
675 |a 553.63(285)  |v 4 
700 1 |a Николаев  |b А. В. 
801 1 |a RU  |b 63413507  |c 20160328 
801 2 |a RU  |b 63413507  |c 20200708  |g RCR 
942 |c BK